Renters (Reform) Bill 2022-23: (Record no. 121685)

MARC details
000 -LEADER
fixed length control field 01005nam a22002177a 4500
008 - FIXED-LENGTH DATA ELEMENTS--GENERAL INFORMATION
fixed length control field 231025s2023 xxk|||||o||||o00| 0 eng d
245 ## - TITLE STATEMENT
Title Renters (Reform) Bill 2022-23:
Remainder of title a research briefing
Medium [Electronic resource]
260 ## - PUBLICATION, DISTRIBUTION, ETC.
Place of publication, distribution, etc. London,
Name of publisher, distributor, etc. House of Commons Library,
Date of publication, distribution, etc. 21 October 2023
490 ## - SERIES STATEMENT
Series statement Research Briefing
520 ## - SUMMARY, ETC.
Summary, etc. A House of Commons Library research briefing sets out the key provisions of the Renters (Reform) Bill 2022-23, which seeks to abolish assured shorthold tenancies and with them, section 21 "no fault" evictions.
650 ## - SUBJECT ADDED ENTRY--TOPICAL TERM
Topical term or geographic name entry element ASSURED SHORTHOLD TENANCIES
650 ## - SUBJECT ADDED ENTRY--TOPICAL TERM
Topical term or geographic name entry element EVICTION
650 ## - SUBJECT ADDED ENTRY--TOPICAL TERM
Topical term or geographic name entry element HOUSING
650 ## - SUBJECT ADDED ENTRY--TOPICAL TERM
Topical term or geographic name entry element LANDLORD AND TENANT
650 ## - SUBJECT ADDED ENTRY--TOPICAL TERM
Topical term or geographic name entry element RENTERS (REFORM) BILL 2022-23
650 ## - SUBJECT ADDED ENTRY--TOPICAL TERM
Topical term or geographic name entry element TENANTS' RIGHTS
690 ## - LOCAL SUBJECT ADDED ENTRY--TOPICAL TERM (OCLC, RLIN)
Topical term or geographic name as entry element Landlord and tenant
9 (RLIN) 6252
710 ## - ADDED ENTRY--CORPORATE NAME
9 (RLIN) 1448
Corporate name or jurisdiction name as entry element Parliament. House of Commons. Library
856 ## - ELECTRONIC LOCATION AND ACCESS
Uniform Resource Identifier <a href="https://researchbriefings.files.parliament.uk/documents/CBP-8756/CBP-8756.pdf">https://researchbriefings.files.parliament.uk/documents/CBP-8756/CBP-8756.pdf</a>
Public note Available online at the House of Commons Library
942 ## - ADDED ENTRY ELEMENTS (KOHA)
Source of classification or shelving scheme Dewey Decimal Classification
Holdings
Withdrawn status Lost status Source of classification or shelving scheme Damaged status Not for loan Home library Current library Shelving location Date acquired Total Checkouts Date last seen Price effective from Koha item type
    Dewey Decimal Classification     Virtual Virtual Online 25/10/2023   25/10/2023 25/10/2023 Online material